ბათუმის შოთა რუსთაველის სახელმწიფო უნივერსიტეტის ბიბლიოთეკა

Pitch the perfect investment : (ბიბ.ჩანაწერი № 58762)

000 -LEADER
fixed length control field 00807cam a2200193 i 4500
001 - CONTROL NUMBER
control field 19652690
005 - DATE AND TIME OF LATEST TRANSACTION
control field 20221108164653.0
008 - FIXED-LENGTH DATA ELEMENTS--GENERAL INFORMATION
fixed length control field 170519s2017 njua 001 0 eng
020 ## - INTERNATIONAL STANDARD BOOK NUMBER
International Standard Book Number 9781119051787x
080 ## - UNIVERSAL DECIMAL CLASSIFICATION NUMBER
Universal Decimal Classification number 338.22 S-72
100 1# - MAIN ENTRY--PERSONAL NAME
Personal name Sonkin, Paul D.
9 (RLIN) 14429
245 10 - TITLE STATEMENT
Title Pitch the perfect investment :
Remainder of title the essential guide to winning on wall street /
Statement of responsibility, etc. Paul D. Sonkin and Paul Johnson.
264 #1 - PRODUCTION, PUBLICATION, DISTRIBUTION, MANUFACTURE, AND COPYRIGHT NOTICE
Place of production, publication, distribution, manufacture Hoboken, New Jersey :
Name of producer, publisher, distributor, manufacturer Wiley,
Date of production, publication, distribution, manufacture, or copyright notice [2017]
300 ## - PHYSICAL DESCRIPTION
Extent 462 pages :
Other physical details illustrations (some color) ;
Dimensions 24 cm.
653 ## - INDEX TERM--UNCONTROLLED
keyword ბიზნესი და ეკონომიკა
700 1# - ADDED ENTRY--PERSONAL NAME
Personal name Johnson, Paul
Dates associated with a name
Relator term ავტორი
9 (RLIN) 14434
776 08 - ADDITIONAL PHYSICAL FORM ENTRY
Relationship information Online version:
Main entry heading Sonkin, Paul D., author.
Title Pitch the perfect investment
Place, publisher, and date of publication Hoboken : Wiley, 2017
International Standard Book Number 9781119280965
Record control number (DLC) 2017025132
942 ## - ADDED ENTRY ELEMENTS (KOHA)
Source of classification or shelving scheme
Koha item type წიგნი
ეგზემპლარები
Withdrawn status Lost status Source of classification or shelving scheme Damaged status Not for loan Permanent Location Current Location Shelving location Date acquired Cost, normal purchase price Full call number Barcode Date last seen Copy number Price effective from Koha item type Public note
          ბათუმის შოთა რუსთაველის სახელმწიფო უნივერსიტეტის მთავარი ბიბლიოთეკა ბათუმის შოთა რუსთაველის სახელმწიფო უნივერსიტეტის მთავარი ბიბლიოთეკა წიგნსაცავი 2022-07-18 171.00 338.22 S-72 62998 2022-07-18 62998 2022-07-18 წიგნი 171 gel.